000 00933nam a2200253Ia 4500
003 OSt
005 20220923225414.0
006 a|||||r|||| 00| 0
007 ta
008 220922b |||||||| |||| 00| 0 hin d
024 _a266,415
037 _cTextual
040 _aARTS
_cARTS
_bhin
041 _2hin
_ahin
082 _aY:351, 152J9
100 _aशर्मा, नलिनविलोचन, संपा.
245 0 _aलोकसाहित्य
_b आकार - साहित्य - सूची
246 _aLokasāhitya: ākār - sāhitya - sūchī
260 _aपटना
_b बिहार - राष्ट्रभाषा - परिषद्
_c1959
300 _a338पृ.
_ccm.
650 _aभारतीय-लोक साहित्य
942 _hY:351, 152J9
_cTEXL
_2CC
999 _c378029
_d378029